| LEADER | 00761cam a22002654a 4500 | ||
|---|---|---|---|
| 001 | 008683058-9 | ||
| 005 | 20020606104010.5 | ||
| 008 | 000107s2000 stka b 001 0 eng | ||
| 010 | |a 00344752 | ||
| 020 | |a 1840170344 | ||
| 035 | 0 | |a ocn235976661 | |
| 040 | |a UKM |c UKM |d DLC | ||
| 042 | |a pcc | ||
| 043 | |a e-uk-st | ||
| 050 | 0 | 0 | |a GV984 |b .N35 2000 |
| 082 | 0 | 0 | |a 796.352/09411 |2 21 |
| 100 | 1 | |a Nalder, Ian. | |
| 245 | 1 | 0 | |a Scotland's golf in days of steam / |c Ian Nalder. |
| 260 | |a Dalkeith : |b Scottish Cultural Press, |c 2000. | ||
| 300 | |a 156 p. : |b ill. ; |c 24 cm. | ||
| 504 | |a Includes bibliographical references (p. 151-152) and index. | ||
| 650 | 0 | |a Golf |z Scotland |x History. | |
| 650 | 0 | |a Railroads |z Scotland |x History. | |
| 988 | |a 20020608 | ||
| 906 | |0 OCLC | ||


